হারামাইন শরীফাইনের সেবায় সউদী আরব তথ্য ও পরিসংখ্যান / (Record no. 6323)
[ view plain ]
| 000 -LEADER | |
|---|---|
| fixed length control field | 00838nam a2200217 a 4500 |
| 001 - CONTROL NUMBER | |
| JCCL Control Number | 6323 |
| 003 - CONTROL NUMBER IDENTIFIER | |
| JCCL marc code | BD-JhCC |
| 005 - DATE AND TIME OF LATEST TRANSACTION | |
| control field | 20180121173951.0 |
| 008 - FIXED-LENGTH DATA ELEMENTS--GENERAL INFORMATION | |
| fixed length control field | 180121s1988 bg |||| ||a| 000 0 ben d |
| 035 ## - SYSTEM CONTROL NUMBER | |
| system control number | (BD-JhCC)6323 |
| 040 ## - CATALOGING SOURCE | |
| Original cataloging agency | BD-JhCC |
| Modifying agency | BD-JhCC |
| 041 ## - LANGUAGE CODE | |
| Language code of Book | ben |
| 082 ## - DEWEY DECIMAL CLASSIFICATION NUMBER | |
| Classification number | 297 |
| Author mark and Year | ARA 1988 |
| 245 ## - TITLE STATEMENT | |
| Title | হারামাইন শরীফাইনের সেবায় সউদী আরব তথ্য ও পরিসংখ্যান / |
| Statement of responsibility, etc | আবদুস শাকুর খন্দকার অনুবাদ |
| 260 ## - PUBLICATION, DISTRIBUTION, ETC. (IMPRINT) | |
| Place of publication, distribution, etc | ঢাকা : |
| Name of publisher, distributor, etc | রাজকীয় সউদী আরব দূতাবাস, |
| Date of publication, distribution, etc | ১৯৮৮. |
| 300 ## - PHYSICAL DESCRIPTION | |
| Pagination | 54 p. : |
| Dimensions | 21 cm. |
| 650 ## - SUBJECT ADDED ENTRY--TOPICAL TERM | |
| Topical term or geographic name as entry element | Service Of Haramine |
| Geographic subdivision | Saudia Arabia |
| 700 ## - ADDED ENTRY--PERSONAL NAME | |
| Personal name | খন্দকার, আবদুস শাকুর |
| 942 ## - ADDED ENTRY ELEMENTS (KOHA) | |
| Source of classification or shelving scheme | Dewey Decimal Classification |
| Koha item type | Books |
| Source of classification or shelving scheme | Damaged status | Not for loan | Home library | Current library | Shelving location | Date of accession | Cost, normal purchase price | Total Checkouts | Full call number | Barcode | Date last seen | Copy number | Koha item type |
|---|---|---|---|---|---|---|---|---|---|---|---|---|---|
| Dewey Decimal Classification | JCC Rouf Library | JCC Rouf Library | General Stacks | 01/21/2018 | 10.00 | 297 ARA 1988 | 501 | 01/21/2018 | C-1 | Books | |||
| Dewey Decimal Classification | JCC Rouf Library | JCC Rouf Library | General Stacks | 01/21/2018 | 10.00 | 297 ARA 1988 | 739 | 01/21/2018 | C-2 | Books |